| 000 | 00432nam a2200169 a 4500 | ||
|---|---|---|---|
| 005 | 20140310183259.0 | ||
| 008 | 970101s19uu xx 00 eng d | ||
| 020 | _a1853261637 | ||
| 050 |
_aPR 4822 _b.J45 1995 |
||
| 100 | _aJefferies, Richard | ||
| 245 |
_aBevis / _cRichard Jefferies. |
||
| 260 |
_aNew York : _bPenguin Books, _c1995. |
||
| 300 |
_a430 p. : _c18 cm. |
||
| 650 | _aFiction | ||
| 942 |
_cBK _2lcc |
||
| 999 |
_c20913 _d20913 |
||